Southville International School and Colleges
Your cart is empty.
  • Cart
  • Lists
    Public lists Eva Luna New books Lux_list list_1
    Your lists Log in to create your own lists
  • Log in to your account
  • Your cookies
  • Search history
Southville International School and Colleges
  • Advanced search
  • Recent comments
  • Most popular
  • Libraries

Log in to your account

Log in with GOOGLE


If you do not have an external account, but do have a local account, you can still log in:

  1. Home
  2. MARC view: Prince and the pauper, The /
Normal view MARC view ISBD view

Prince and the pauper, The / (Record no. 112010)

[ view plain ]
MARC details
000 -LEADER
fixed length control field 00573nam a2200193 a 4500
001 - CONTROL NUMBER
control field 1239
005 - DATE AND TIME OF LATEST TRANSACTION
control field 20140414131926.0
008 - FIXED-LENGTH DATA ELEMENTS--GENERAL INFORMATION
fixed length control field 041111s19uu xx 00 eng d
020 ## - INTERNATIONAL STANDARD BOOK NUMBER
International Standard Book Number 0-307-00069-9
050 ## - LIBRARY OF CONGRESS CALL NUMBER
Classification number ER
Item number P93 1990
100 ## - MAIN ENTRY--PERSONAL NAME
Personal name Manushkin, Fran
245 ## - TITLE STATEMENT
Title Prince and the pauper, The /
Statement of responsibility, etc adapted by Fran Manushkin ; illustrated by Russell Schroeder and Don Williams.
260 ## - PUBLICATION, DISTRIBUTION, ETC. (IMPRINT)
Place of publication, distribution, etc New York,
Date of publication, distribution, etc 1990.
300 ## - PHYSICAL DESCRIPTION
Extent 1 v. p. : ill. ; cm.
440 ## - SERIES STATEMENT/ADDED ENTRY--TITLE
Title Walt Disney Pictures presents
650 ## - SUBJECT ADDED ENTRY--TOPICAL TERM
Topical term or geographic name as entry element Fairy tales.
650 ## - SUBJECT ADDED ENTRY--TOPICAL TERM
Topical term or geographic name as entry element Children stories.
Holdings
Withdrawn status Lost status Damaged status Use restrictions Home library Current library Shelving location Date acquired Source of acquisition Total Checkouts Full call number Barcode Date last seen Price effective from Koha item type
        Munich Library Munich Library Easy Reading Section 11/11/2004     ER P93 1990 M3007 04/14/2014 04/14/2014 Books

Prince and the pauper, The /

APA

Manushkin F., . (1990). Prince and the pauper, The. New York: .

Chicago

Manushkin Fran, . 1990. Prince and the pauper, The. New York: .

Harvard

Manushkin F., . (1990). Prince and the pauper, The. New York: .

MLA

Manushkin Fran, . Prince and the pauper, The. New York: . 1990.

  • Place hold
  • Print
  • Cite
  • Add to your cart (remove)
  • Save record
    BIBTEX Dublin Core MARCXML MARC (non-Unicode/MARC-8) MARC (Unicode/UTF-8) MARC (Unicode/UTF-8, Standard) MODS (XML) RIS
  • More searches
    Search for this title in:
    Other Libraries (WorldCat) Other Databases (Google Scholar) Online Stores (Bookfinder.com) Open Library (openlibrary.org)

Exporting to Dublin Core...

SOUTHVILLE LIBRARY

Southville International School and Colleges Library

1281 Tropical Ave. Cor. Luxembourg St., BF Homes International, Las Pinas City

Tel. No. 8256374 / 252358 Loc. 117/146

Powered by Koha